LEADER 00911nam a2200241 i 4500 001 000000212198 003 CaOOAMICUS 005 20120329000000.0 008 120329s1950 it u000 u ita u 013 $a191029 040 $aSeMil$bita 100 1 $aDickens, Charles,$d<1812-1870>.$0(OLS)http://semarc/name/6853 240 14$aThe chimes.$0(OLS)http://semarc/title/306441 245 10$aConcerto di campane /$cCarlo Dickens. 260 $aFirenze :$bLibreria Editrice Fiorentina,$c1950. 300 $a125 p. ;$c16 cm. 490 0 $aL'ape ;$v7.-8 830 2$aL'ape ;$v7.-8.$0(OLS)http://semarc/title/419054 850 $aSeMil 852 $aSeMil$W1$xVenegono$y1$m1V I 147$j162633$B162633$CSeMilBibl$Z2$F187098 $81 961 $aOmaggio: Altro 996 $6245$aConcerto di campane$9(OLS)http://semarc/title/306440 996 $6260$aFirenze :$bLibreria Editrice Fiorentina$9(OLS)http://semarc/publisher/30629 LEADER 00684nas a2200169 i 4500 001 000000002211 003 CaOOAMICUS 005 20180830125435.0 008 180830n it uu u0 0ita r 040 $aSeMil$bita 245 10$aDottrina fascista /$cdiretta da Nicoḷ Giani. 260 $aMilano :$b[s.n.] 500 $aConsistenza: 2. (1938) - 5. (1941 gennaio). - Lacune 1938 marzo, maggio, giugno, agosto-novembre ; 1939 gennaio, febbrario, agosto-ottobre 700 1 $aGiani, Nicoḷ.$0(OLS)http://semarc/name/1897 774 0 $tTitolo mancante.$w()130532 996 $6245$aDottrina fascista$9(OLS)http://semarc/title/3690 996 $6260$aMilano :$b[s.n.]$9(OLS)http://semarc/publisher/29709